| 000 | 01637cam a2200205 4500500 | ||
|---|---|---|---|
| 005 | 20260322004600.0 | ||
| 041 | _afre | ||
| 042 | _adc | ||
| 100 | 1 | 0 |
_aJeannet, Monique _eauthor |
| 700 | 1 | 0 |
_aHoarau, Céline _eauthor |
| 700 | 1 | 0 |
_aHintea, Dorina _eauthor |
| 700 | 1 | 0 |
_aBéhocaray, Laurence _eauthor |
| 700 | 1 | 0 |
_aCormont, Olivier _eauthor |
| 245 | 0 | 0 | _aIntroduction: Between utopias and dystopias, staying the course |
| 260 | _c2026. | ||
| 500 | _a61 | ||
| 520 | _aThis article provides a synthesis on the role of self-esteem and self-compassion in healthy aging. Healthy aging and successful aging are related but distinct concepts, both emphasizing positive aging trajectories. While healthy aging integrates a holistic view of physical, psychological, and social well-being, successful aging focuses on preserving functional capacities. Cognitive, motor, and sensory deficits may occur with age; however, it is now known that various lifestyle factors (physical activity, cognitive stimulation, a balanced diet, and diverse social interactions) can reduce these detrimental effects of aging and promote successful aging. A satisfactory self-perception also appears crucial for healthy aging. Optimizing self-esteem and promoting self-compassion could therefore be an effective strategy to address the challenges of aging. We further explore the potential of self-perception as a means of intervention for enhancing the well-being of older adults. | ||
| 786 | 0 | _nSociographe | 93 | 1 | 2026-02-27 | p. 9-13 | 1297-6628 | |
| 856 | 4 | 1 | _uhttps://shs.cairn.info/journal-sociographe-2026-1-page-9?lang=en&redirect-ssocas=7080 |
| 999 |
_c1741485 _d1741485 |
||